Normal view
MARC view
Entry Personal Name
001 - CONTROL NUMBER
- control field: 26994
003 - CONTROL NUMBER IDENTIFIER
- control field: ARRUPE
005 - DATE AND TIME OF LATEST TRANSACTION
- control field: 20161026094713.0
008 - FIXED-LENGTH DATA ELEMENTS
- fixed length control field: 161026|| aca||aabn | a|a d
040 ## - CATALOGING SOURCE
- Original cataloging agency: ARRUPE
- Transcribing agency: ARRUPE
100 ## - HEADING--PERSONAL NAME
- Personal name: Adejumobi, Said ; Momoh, Abubakar (ed)
670 ## - SOURCE DATA FOUND
- Source citation: Work cat.: (ARRUPE)18446: The Political Economy of Nigeria under military rule (1984-1993)